00000000nam 2200000zi 4500
0019.943216
003CaOODSP
00520241128113210
006m     o  d f      
007cr |||||||||||
008240913e20240917oncb    ob   f000 0 eng d
020 |a9780660736310
040 |aCaOODSP|beng|erda|cCaOODSP
043 |an-cn-on
0861 |aEn106-273/2024E-PDF
24500|aAnalysis report whether to designate the Great Bear Advanced Exploration Project in Ontario pursuant to the Impact Assessment Act.
264 1|a[Ottawa] : |bImpact Assessment Agency of Canada = Agence d'évaluation d'impact du Canada, |cSeptember 17, 2024.
264 4|c©2024
300 |a1 online resource (i, 14 pages) : |bmap
336 |atext|btxt|2rdacontent
337 |acomputer|bc|2rdamedia
338 |aonline resource|bcr|2rdacarrier
500 |aIssued also in French under title: Rapport d'analyse quant à la désignation du Projet d'exploration avancée Great Bear en Ontario conformément à la Loi sur l'évaluation d'impact.
500 |a"Unclassified - non classifié."
504 |aIncludes bibliographical references.
650 0|aGold mines and mining|xEnvironmental aspects|zOntario.
650 0|aEnvironmental impact analysis|zOntario.
7101 |aCanada. |bImpact Assessment Agency of Canada, |eissuing body.
77508|tRapport d'analyse quant à la désignation du Projet d'exploration avancée Great Bear en Ontario conformément à la Loi sur l'évaluation d'impact.|w(CaOODSP)9.943217
85640|qPDF|s1.39 MB|uhttps://publications.gc.ca/collections/collection_2024/aeic-iaac/En106-273-2024-eng.pdf